| 000 | 00734nam a2200229 a 4500 | ||
|---|---|---|---|
| 001 | BRL_497 | ||
| 005 | 20190320210754.0 | ||
| 008 | 210813s1962----gw-abo####---#000-0#ger-# | ||
| 041 | _ager | ||
| 044 | _agw | ||
| 050 | 4 |
_aN5305 _b.K86 14 1962 |
|
| 100 | 1 |
_aSpeiser, Werner _924112 |
|
| 245 | 1 | 0 |
_aChina _bGeist und Gesellschaft _cvon Werner Speiser. |
| 260 |
_aGermany _bHolle-Verlag Baden-Baden _c1962 |
||
| 300 |
_a270 p. _bil. (algunas a color), mapas _c23 cm. |
||
| 440 | 0 |
_aKunst der Welt; ihre geschichtlichen, soziologischen und religiösen Grundlagen _pDie aussereuropäischen Kulturen _v14 _924113 |
|
| 500 | _aAu522 | ||
| 500 | _aBibliografía: p. 259-261 | ||
| 650 | 1 | 4 |
_aArte chino _97252 |
| 902 | _aGRL | ||
| 942 |
_2lcc _cB |
||
| 999 |
_c9309 _d9309 |
||